000 00608nam a2200181Ia 4500
003 GCL
005 20240530105323.0
008 140319s9999 xx 000 0 ara d
040 _aGCL /
_cGCL
082 0 4 _a349.567
_bع د
100 0 _aعبدالمجيد الحكيم
245 1 0 _aدراسة فى قانون التسجيل العقارى العراقى /
_cعبدالمجيد الحكيم
260 _a[S.N] :
_bالمنظمة الاسلامية للتربية والعلوم والثقافة ،
_c1973
300 _a320 ص
650 0 4 _aالقانون
650 0 4 _aالعراق
942 _2ddc
_cBK
999 _c54889
_d54889